BIBLIOTECA

SENCICO

Sistemas de información geográfica : Prácticas con ArcView (Registro nro. 550)

Detalles MARC
000 -LEADER
fixed length control field 00694nam a2200265Ia 4500
005 - DATE AND TIME OF LATEST TRANSACTION
control field 20251020182441.0
008 - FIXED-LENGTH DATA ELEMENTS--GENERAL INFORMATION
fixed length control field 200515s9999 xx 000 0 und d
020 ## - INTERNATIONAL STANDARD BOOK NUMBER
International Standard Book Number 970-15-0979-X
082 ## - DEWEY DECIMAL CLASSIFICATION NUMBER
Classification number 528.769/L23/ej.2
100 ## - MAIN ENTRY--PERSONAL NAME
Personal name Lantada Zarzosa, Nieves
100 ## - MAIN ENTRY--PERSONAL NAME
Personal name Núñez Andrés, M. Amparo
245 #0 - TITLE STATEMENT
Title Sistemas de información geográfica : Prácticas con ArcView
250 ## - EDITION STATEMENT
Edition statement 1a ed.
260 ## - PUBLICATION, DISTRIBUTION, ETC.
Place of publication, distribution, etc. Barcelona
260 ## - PUBLICATION, DISTRIBUTION, ETC.
Name of publisher, distributor, etc. Alfaomega ; EDICIONS UPC
260 ## - PUBLICATION, DISTRIBUTION, ETC.
Date of publication, distribution, etc. 2004
300 ## - PHYSICAL DESCRIPTION
Extent 226 p.
300 ## - PHYSICAL DESCRIPTION
Other physical details il., tbl., graf., map.
500 ## - GENERAL NOTE
General note 1 ejemplar
650 ## - SUBJECT ADDED ENTRY--TOPICAL TERM
Topical term or geographic name entry element ARCVIEW
650 ## - SUBJECT ADDED ENTRY--TOPICAL TERM
Topical term or geographic name entry element SIG
650 ## - SUBJECT ADDED ENTRY--TOPICAL TERM
Topical term or geographic name entry element SISTEMAS DE INFORMACION GEOGRAFICA
942 ## - ADDED ENTRY ELEMENTS (KOHA)
Koha item type Libros
Existencias
Fecha de la última vez que lo usaron Pago total Signatura topográfica completa Código de barras Precio efectivo desde Tipo de documento Estado perdido Estado dañado No es para préstamo Retirado Ubicación permanente Ubicación actual Fecha de adquisición
15/05/2020   528.769/L23/ej.2 Bib-Lima15050550 15/05/2020 Libros         Biblioteca Central Lima Biblioteca Central Lima 15/05/2020